00408nam a2200157Ia 4500008004100000020001800041082001500059100002200074245003000096250000800126260004400134300002300178500001900201600001500220650001500235240925s9999 xx 000 0 und d a9788126537884 a658.15 DAM aDamodaran, Aswath 0aApplied Corporate Finance a3rd aNew Delhi:bJohn Wiley and Sonsc,2011. a235p.b0fOriginal aIncludes Index aManagement aManagement